1977 NHL All-Stars - Statistics

General Stats
  • This quiz has been taken 7 times
  • The average score is 5 of 40
Answer Stats
Position/Conference Answer Team % Correct
Campbell Centre Bobby Clarke Philadelphia Flyers
83%
Wales Centre Marcel Dionne Los Angeles Kings
67%
Campbell Centre Phil Esposito New York Rangers
67%
Wales Right Winger Guy Lafleur Montreal Canadiens
50%
Wales Centre Gilbert Perreault Buffalo Sabres
33%
Wales Right Winger Lanny McDonald Toronto Maple Leafs
33%
Campbell Right Winger Rod Gilbert New York Rangers
33%
Wales Left Winger Bob Gainey Montreal Canadiens
17%
Wales Defenceman Borje Salming Toronto Maple Leafs
17%
Campbell Defenceman Denis Potvin New York Islanders
17%
Wales Defenceman Guy Lapointe Montreal Canadiens
17%
Wales Defenceman Ian Turnbull Toronto Maple Leafs
17%
Wales Goaltender Ken Dryden Montreal Canadiens
17%
Wales Defenceman Larry Robinson Montreal Canadiens
17%
Wales Right Winger Al MacAdam Cleveland Barons
0%
Campbell Goaltender Bernie Parent Philadelphia Flyers
0%
Campbell Right Winger Bob Nystrom New York Islanders
0%
Wales Defenceman Brad Park Boston Bruins
0%
Campbell Right Winger Don Murdoch New York Rangers
0%
Campbell Left Winger Eric Vail Atlanta Flames
0%
Campbell Centre Garry Unger St. Louis Blues
0%
Campbell Right Winger Gary Dornhoefer Philadelphia Flyers
0%
Wales Goaltender Gerry Desjardins Buffalo Sabres
0%
Campbell Goaltender Glenn Resch New York Islanders
0%
Wales Centre Guy Charron Washington Capitals
0%
Campbell Defenceman Harold Snepsts Vancouver Canucks
0%
Wales Right Winger Jean Pronovost Pittsburgh Penguins
0%
Campbell Defenceman Jimmy Watson Philadelphia Flyers
0%
Wales Defenceman Jim Schoenfeld Buffalo Sabres
0%
Campbell Defenceman Joe Watson Philadelphia Flyers
0%
Wales Left Winger Nick Libett Detroit Red Wings
0%
Wales Centre Peter McNab Boston Bruins
0%
Campbell Defenceman Phil Russell Chicago Black Hawks
0%
Campbell Centre Rick MacLeish Philadelphia Flyers
0%
Wales Left Winger Rick Martin Buffalo Sabres
0%
Wales Defenceman Serge Savard Montreal Canadiens
0%
Campbell Centre Tim Young Minnesota North Stars
0%
Campbell Defenceman Tom Bladon Philadelphia Flyers
0%
Campbell Centre Tom Lysiak Atlanta Flames
0%
Campbell Right Winger Wilf Paiement Colorado Rockies
0%
No matching quizzes found
Score Distribution
Percent of People with Each Score
Percentile by Number Answered
Your Score History
You have not taken this quiz